000 00295nam a2200097Ia 4500
082 _aJ 660.65 MORG
245 0 _aBody doubles : cloning plants and animals
100 _a MORGAN, Sally Chicago, Ill., [c.2009] Rev. and updated
942 _cBK
008 210817s9999 xx 000 0 und d
999 _c393253
_d393252